Arte después de la modernidad
Zapisane w:
| 1. autor: | |
|---|---|
| Format: | Książka |
| Język: | hiszpański |
| Wydane: |
Madrid
Akal
2001
|
| Wydanie: | 1a. ed |
| Seria: | Akal Arte Contemporáneo, 7
|
| Hasła przedmiotowe: | |
| Etykiety: |
Dodaj etykietę
Nie ma etykietki, Dołącz pierwszą etykiete!
|
MARC
| LEADER | 00000nam a2200000 a 4500 | ||
|---|---|---|---|
| 001 | UCJ1976 | ||
| 003 | CL-VaPUC | ||
| 008 | 061124e20010000SP |||||||||||||||||spa|d | ||
| 020 | |a 8446011778 | ||
| 082 | 0 | 4 | |a 709.04 |b WAL |2 21 |
| 100 | 0 | |a Wallis, Brian |e author |9 502817 | |
| 245 | 1 | 0 | |a Arte después de la modernidad |
| 246 | 1 | 0 | |a Nuevos planteamientos en torno a la representación |
| 250 | |a 1a. ed | ||
| 300 | |a 467 p | ||
| 942 | |c BK | ||
| 945 | |d 20061124 00:00:00 |a cmena | ||
| 260 | |a Madrid |b Akal |c 2001 | ||
| 650 | 0 | |a Historia del arte |9 314877 | |
| 650 | 0 | |a Arte |y Siglo 20 |9 267709 | |
| 650 | 0 | |a Filosofía del arte |9 264951 | |
| 650 | 0 | |a Teoría del arte |9 387638 | |
| 650 | 0 | |a Estilos artísticos |9 340996 | |
| 650 | 0 | |a Estética |9 264950 | |
| 650 | 0 | |a Arte contemporáneo |9 338008 | |
| 583 | |a last modification |c 20061124 00:00:00 |k Rodrigo Vera | ||
| 490 | 0 | |a Akal Arte Contemporáneo, 7 | |
| 999 | |c 318402 |d 318400 | ||
| 952 | |0 0 |1 0 |4 0 |6 709_040000000000000_WAL_2001 |7 0 |8 A |9 396176 |a BIBART |b BIBART |d 2019-11-22 |i 4292464 |l 7 |o 709.04 WAL 2001 |p 4292464 |r 2025-03-13 |s 2022-07-28 |w 2019-11-22 |y BK |k ART | ||